[Event "ROM-ch U10"]
[Site "Baile Felix"]
[Date "2017.02.09"]
[Round "9"]
[White "Boatca, Luca"]
[Black "Ionescu, Mihail"]
[Result "1-0"]
[WhiteElo "1240"]
[BlackElo "1232"]
[PlyCount "35"]
[EventDate "2017.02.02"]
[EventType "swiss"]
[EventRounds "9"]
[EventCountry "ROU"]
[SourceTitle "CBM 176 Extra"]
[Source "ChessBase"]
[SourceDate "2017.03.02"]
[SourceVersion "1"]
[SourceVersionDate "2017.03.02"]
[SourceQuality "1"]

1. d4 Nf6 2. Nf3 e6 3. e3 b6 4. Bd3 Be7 5. 0-0 Bb7 6. Nbd2 0-0 7. b3 d6 8. Bb2 d5 9. Ne5 c5 10. f4 Bd6 11. Rf3 Bxe5 12. fxe5 c4 13. exf6 cxd3 14. fxg7 Kxg7 15. Rg3+ Kh8 16. Qh5 dxc2 17. Rh3 Kg7 18. Qh6+ 1-0

[Event "ROM-ch U10"]
[Site "Baile Felix"]
[Date "2017.02.07"]
[Round "7"]
[White "Boatca, Luca"]
[Black "Mocan, Radu Adrian"]
[Result "0-1"]
[WhiteElo "1240"]
[BlackElo "1284"]
[PlyCount "128"]
[EventDate "2017.02.02"]
[EventType "swiss"]
[EventRounds "9"]
[EventCountry "ROU"]
[SourceTitle "CBM 176 Extra"]
[Source "ChessBase"]
[SourceDate "2017.03.02"]
[SourceVersion "1"]
[SourceVersionDate "2017.03.02"]
[SourceQuality "1"]

1. d4 Nf6 2. Nf3 d5 3. e3 Bg4 4. h3 Bh5 5. Bd3 Nc6 6. c3 e6 7. 0-0 Bd6 8. Nbd2 Bg6 9. Qe2 Ne4 10. Nxe4 dxe4 11. Bb1 exf3 12. Qxf3 Bxb1 13. Rxb1 Qf6 14. Qe2 e5 15. d5 Ne7 16. e4 0-0 17. b4 Ng6 18. g3 Qe7 19. a3 f5 20. c4 Qf7 21. f3 f4 22. g4 Be7 23. c5 Rfd8 24. Rd1 Bh4 25. Bb2 Bg3 26. c6 b6 27. b5 Re8 28. a4 Nh4 29. Ba3 h5 30. Qd3 hxg4 31. hxg4 Qf6 32. Rd2 Rad8 33. Kf1 Kf7 34. Ke2 Rh8 35. Kd1 Ng6 36. Kc2 Rh2 37. Kb3 Rxd2 38. Qxd2 Nh4 39. Qe2 Ng6 40. Rb2 Rh8 41. Kc3 Rh2 42. Qf1 Rxb2 43. Kxb2 Ne7 44. Kc3 Nc8 45. Qh3 Qh4 46. Qxh4 Bxh4 47. Kd3 Bf2 48. Kc3 Bh4 49. Kd3 Be7 50. Bxe7 Kxe7 51. Kc3 g5 52. Kc4 Kd6 53. Kb3 Kc5 54. Kc3 Nd6 55. Kc2 Kb4 56. Kb2 Kxa4 57. Ka2 Kxb5 58. Kb3 a5 59. Ka3 Nxe4 60. fxe4 f3 61. d6 Kxc6 62. dxc7 Kxc7 63. Kb3 f2 64. Kc3 f1Q 0-1

[Event "ROM-ch U10"]
[Site "Baile Felix"]
[Date "2017.02.05"]
[Round "4"]
[White "Bora, Gut Ianis"]
[Black "Boatca, Luca"]
[Result "0-1"]
[WhiteElo "1001"]
[BlackElo "1240"]
[PlyCount "46"]
[EventDate "2017.02.02"]
[EventType "swiss"]
[EventRounds "9"]
[EventCountry "ROU"]
[SourceTitle "CBM 176 Extra"]
[Source "ChessBase"]
[SourceDate "2017.03.02"]
[SourceVersion "1"]
[SourceVersionDate "2017.03.02"]
[SourceQuality "1"]

1. e3 e5 2. Bc4 Nf6 3. Nf3 d5 4. Bb3 Nc6 5. Qe2 Bd6 6. Nc3 Be6 7. d3 0-0 8. Ng5 Qd7 9. Nf3 d4 10. exd4 exd4 11. Bg5 Bxb3 12. axb3 dxc3 13. bxc3 Rfe8 14. Ne5 Rxe5 15. Be3 Rae8 16. Qf3 Ng4 17. d4 R5e7 18. h3 Nxe3 19. fxe3 Rxe3+ 20. Kf1 Rxf3+ 21. gxf3 Qf5 22. Re1 Qxf3+ 23. Kg1 Rxe1# 0-1